University Home | Library Home | Institutional Repository

Season of the witch / (Record no. 159050)

MARC details
000 -LEADER
fixed length control field 00922cam1a220028900 4500
001 - CONTROL NUMBER
control field lce00375724
008 - FIXED-LENGTH DATA ELEMENTS--GENERAL INFORMATION
fixed length control field 771124s1976 onc 000 0 eng d
010 ## - LIBRARY OF CONGRESS CONTROL NUMBER
LC control number cn 78004279
015 ## - NATIONAL BIBLIOGRAPHY NUMBER
National bibliography number C780042794
020 ## - INTERNATIONAL STANDARD BOOK NUMBER
Terms of availability
-- .95
035 ## - SYSTEM CONTROL NUMBER
System control number (Sirsi) r16561
035 ## - SYSTEM CONTROL NUMBER
System control number (DLC)cn 78004279
035 ## - SYSTEM CONTROL NUMBER
System control number (UPRA)lce00375724
037 ## - SOURCE OF ACQUISITION
Source of stock number/acquisition House of Exile, 20 Dale Ave., Toronto, Ont. M4W 1K4
040 ## - CATALOGING SOURCE
Original cataloging agency CaOONL
Language of cataloging eng
Transcribing agency CaOONL
055 02 - CLASSIFICATION NUMBERS ASSIGNED IN CANADA
Classification number PS8505*
082 ## - DEWEY DECIMAL CLASSIFICATION NUMBER
Classification number C812/.5/2
100 1# - MAIN ENTRY--PERSONAL NAME
Personal name Callaghan, Morley, 1903-
Dates associated with a name Callaghan, Morley, 1903-
Linkage A63050.1
245 10 - TITLE STATEMENT
Title Season of the witch /
Statement of responsibility, etc. Morley Callaghan.
260 ## - PUBLICATION, DISTRIBUTION, ETC.
Place of publication, distribution, etc. Toronto :
Name of publisher, distributor, etc. House of Exile,
Date of publication, distribution, etc. 1976.
490 0# - SERIES STATEMENT
International Standard Serial Number 0380-6596
Linkage S11697.1
500 ## - GENERAL NOTE
General note "Appeared in different form in Exile, Volume 2, Number 3/4, 1975".--p. [2].
500 ## - GENERAL NOTE
General note A play.
700 0# - ADDED ENTRY--PERSONAL NAME
Personal name Exile.
Linkage A74043.1
949 ## - LOCAL PROCESSING INFORMATION (OCLC)
a PR9199.3.A14
w lcc
i 33729000406426
m MAIN
t BOOK
l ON-SHELF

No items available.

© 2026 - The University of Zambia Library - Koha v25.11